000 00328nam a2200121Ia 4500
008 210430s9999 xx 000 0 und d
082 _a660.28 S5794C
100 _aSikdar, D.C.
_954873
245 _aChemical Process Calculations.
_cSikdar, D.C.
260 _aDehli.
_bPHI Learning.
_c2015
300 _a335p.
942 _cREF
_2ddc
999 _c565764
_d565764